Power and Prediction The Disruptive Economics of Artificial Intelligence

Salvato in:
Dettagli Bibliografici
Autore principale: Agrawal, Ajay
Altri autori: Gans, Joshua, Goldfarb, Avi
Natura: Libro
Lingua:inglese
Pubblicazione: Boston Harvard Business Review Press 2022
Soggetti:
Tags: Aggiungi Tag
Nessun Tag, puoi essere il primo ad aggiungerne!!

MARC

LEADER 00000nam a2200000 4500
001 0308647
005 20250730120358.7
020 |a 978-1-64782-419-8 
041 0 |a eng 
044 |a US 
245 1 0 |a Power and Prediction  |b The Disruptive Economics of Artificial Intelligence  |c Ajay Agrawal, Joshua Gans, Avi Goldfarb 
264 1 |a Boston  |b Harvard Business Review Press  |c 2022 
300 |a 268 s. 
610 2 0 |a inteligencia umelá 
610 2 0 |a kybernetika 
610 2 0 |a spoločnosť informačná 
100 1 |a Agrawal, Ajay 
700 1 |a Gans, Joshua 
700 1 |a Goldfarb, Avi